[Event "RUS-chT Women Rapid 2019"]
[Site "Sochi"]
[Date "2019.10.18"]
[Round "1.10"]
[White "But, Svetlana"]
[Black "Gritsayeva, Oksana"]
[Result "0-1"]
[WhiteElo "1947"]
[BlackElo "2370"]
[Annotator "TA"]
[PlyCount "140"]
[EventDate "2019.10.18"]
[EventType "swiss"]
[EventCountry "RUS"]
[SourceTitle "playchess.com"]
[Source "ChessBase"]
[SourceQuality "1"]

{[%evp 9,140,13,61,28,23,-2,27,0,12,-28,6,-34,-36,-58,-50,-55,-61,-48,-12,-11,-19,-38,-22,-98,-31,-39,-42,-68,-66,-69,-65,-88,-77,-85,-48,-77,-68,-68,-68,-68,-68,-77,-92,-85,-47,-45,-45,-45,-43,-68,-42,-152,-124,-141,-139,-176,-186,-185,-179,-191,-118,-126,-95,-116,0,-215,-83,-116,-107,-118,-100,-94,-61,-118,-81,-110,-110,-125,-125,-117,-117,-266,-127,-160,-160,-260,-254,-576,-279,-279,-279,-264,-259,-320,-257,-220,-220,-259,-259,-259,0,0,0,-252,-245,-227,-219,-213,-191,-209,-189,-193,-193,-784,-800,-1389,-1276,-1326,-1433,-1444,-1426,-1377,-1330,-1799,-1713,-29976,-29977,-29974,-29975,-5695,-5471,-29975,-5637]} 1. d4 g6 2. Nf3 Bg7 3. g3 d5 4. Bg2 e6 5. O-O Ne7 6. c3 {D02: 1 d4 d5 2 Nf3 sidelines, including 2...Nf6 3 g3 and 2...Nf6 3 Bf4} (6. c4 O-O 7. Qc2 Nbc6 8. Rd1 b6 9. Bf4 Bb7 10. cxd5 exd5 11. Nc3 Nf5 12. e3 Nce7 13. Rac1 c6 14. b4 h6 15. h4 {½-½ (35) Maletin,P (2587)-Khairullin,I (2649) Sochi 2015}) 6... O-O 7. Re1 b6 $146 ({Predecessor:} 7... Nbc6 8. e4 dxe4 9. Rxe4 Nd5 10. Nbd2 Re8 11. Nc4 f6 12. Re1 b5 13. Ne3 Bb7 14. Nxd5 Qxd5 15. Bf4 e5 16. Nxe5 {1-0 (27) Constantin,M (1867)-Pujol,A (1460) Mont de Marsan 2006}) 8. Bf4 {White has an edge.} Bb7 9. Qc1 Nf5 10. g4 Nd6 11. Bh6 c5 12. Bxg7 Kxg7 13. Ne5 Nc6 14. Nxc6 Bxc6 15. Nd2 Rc8 16. e3 (16. dxc5 $11 {keeps the balance.} bxc5 17. e4) 16... Ne4 (16... Rh8 $17 17. h3 h5) 17. Nxe4 $15 dxe4 18. Qc2 Qg5 19. h3 f5 20. Qe2 Qh4 21. Rf1 Rf6 22. Rad1 {[#]} c4 $1 {[%mdl 512]} 23. f4 (23. Qxc4 fxg4) 23... exf3 $1 24. Bxf3 Qxh3 25. Bxc6 Rxc6 26. g5 Qg3+ (26... Rf8 {keeps more tension.} 27. Rf3 Qg4+ 28. Qg2 Qxg2+ 29. Kxg2 Rh8) 27. Qg2 Qxg2+ 28. Kxg2 {[%mdl 4096] Endgame KRR-KRR} Rf7 29. Kg3 h5 30. Kf4 ({Better is} 30. gxh6+ $1 $15 Kxh6 31. Rh1+ Kg7 32. Kf4) 30... Rd6 31. Kf3 Rd5 32. Rf2 f4 33. exf4 Rxg5 $1 34. Ke4 Rgf5 (34... Ra5 $19 35. b3 cxb3 36. axb3 g5) 35. Rh1 $17 Kh6 36. Rhh2 Kg7 ({Black should play} 36... b5 $17) 37. Ke3 $2 (37. Rh1 $1 $11 {and White is okay.}) 37... Kf8 (37... g5 $1 $19 38. b3 b5) 38. Ke4 Ke7 39. Ke3 Kd6 40. Rhg2 R7f6 41. Rh2 (41. b3 $15) 41... Kd5 42. Rhg2 b5 43. a3 a6 44. Rh2 Kd6 45. Rhg2 (45. Rh4 $17) 45... Ke7 (45... g5 $1 $19 {has better winning chances.} 46. Rg1 g4) 46. Rh2 Kf7 47. Rhg2 {[#]} (47. Rh1 $17 {was worth a try.}) 47... g5 $1 $19 {[%mdl 512]} 48. Rh2 $2 (48. Re2 {is a better chance.} g4 49. Rh2) (48. fxg5 Rxf2) 48... Rxf4 (48... Kg6 $142 {[%cal Rf5f4]} 49. Rf1 Rxf4) 49. Rxf4 gxf4+ {KR-KR} ({Don't take} 49... Rxf4 50. Rxh5 Kg6 51. Rh2 $17) 50. Kf3 Kg6 51. Rg2+ Kh7 52. Rh2 Kh6 $1 53. Re2 Kg5 54. Re5+ Kh4 $2 (54... Kg6 $1 $19 55. Re1 h4) 55. Re1 $11 Kg5 $2 {[%mdl 8192]} (55... Rg6 $11) 56. Re5+ $1 $19 {[#]} Kg6 $1 57. Re1 Kf7 58. Rh1 {[#]} Rf5 $1 59. Re1 Kf6 60. Rh1 e5 61. d5 $2 (61. dxe5+ Kxe5 62. Re1+ Kf6 63. Re8) 61... Rg5 62. Rh2 Rg3+ 63. Ke2 Kg5 64. Rh1 Rd3 65. Rg1+ Kf5 66. Rh1 Rxd5 67. Rxh5+ Ke4 68. Rh4 Rd6 69. Rg4 Rh6 70. Ke1 Kf3 {Accuracy: White = 27%, Black = 55%.} 0-1

[Event "RUS-chT Women Rapid 2019"]
[Site "Sochi"]
[Date "2019.10.18"]
[Round "1.11"]
[White "Vasilevich, Tatjana"]
[Black "Stroganova, Karina"]
[Result "1-0"]
[WhiteElo "2360"]
[BlackElo "1796"]
[Annotator "NA"]
[PlyCount "57"]
[EventDate "2019.10.18"]
[EventType "swiss"]
[EventCountry "RUS"]
[SourceTitle "playchess.com"]
[Source "ChessBase"]
[SourceQuality "1"]
[TimeControl "900+10"]

1. d4 {[%emt 0:00:00]} d5 {[%emt 0:00:00]} 2. c4 {[%emt 0:00:00]} dxc4 {[%emt 0:00:00]} 3. e3 {[%emt 0:00:00]} e5 {[%emt 0:00:05]} 4. Bxc4 {[%emt 0:00:12]} exd4 {[%emt 0:00:10]} 5. Nf3 {[%emt 0:01:45]} Bb4+ {[%emt 0:04:09]} 6. Bd2 {[%emt 0:00:55]} Bxd2+ {[%emt 0:00:08]} 7. Qxd2 {[%emt 0:00:04]} Nf6 {[%emt 0:00:22]} 8. exd4 {[%emt 0:00:31]} O-O {[%emt 0:00:17]} 9. O-O {[%emt 0:00:02]} Bg4 {[%emt 0:00:15]} 10. Ne5 {[%emt 0:00:40]} Bf5 {[%emt 0:00:45]} 11. Nc3 {[%emt 0:00:28]} Nbd7 {[%emt 0:00:11]} 12. Rfe1 {[%emt 0:03:18]} Nb6 {[%emt 0:05:35]} 13. Bb3 {[%emt 0:00:03]} Nfd7 {[%emt 0:00:06]} 14. Qf4 {[%emt 0:02:48]} Qf6 {[%emt 0:01:23]} 15. Nxd7 {[%emt 0:00:43]} Bxd7 {[%emt 0:00:39]} 16. Qxc7 {[%emt 0:00:20]} Rac8 {[%emt 0:01:14]} 17. Qe5 {[%emt 0:02:30]} Qg6 {[%emt 0:00:22]} 18. Qg3 {[%emt 0:00:39]} Qf6 {[%emt 0:00:15]} 19. Rad1 {[%emt 0:00:18]} Rfe8 {[%emt 0:00:11]} 20. Ne4 {[%emt 0:00:13]} Qc6 {[%emt 0:01:12]} 21. d5 {[%emt 0:01:05]} Qh6 {[%emt 0:00:13]} 22. h3 {[%emt 0:00:23]} Ba4 {[%emt 0:00:13]} 23. d6 {[%emt 0:00:25]} Bxb3 {[%emt 0:00:08]} 24. Qxb3 {[%emt 0:00:04]} Rcd8 {[%emt 0:00:08]} 25. Qb5 {[%emt 0:00:31]} Qg6 {[%emt 0:00:09]} 26. Nf6+ {[%emt 0:00:10]} gxf6 {[%emt 0:00:13]} 27. Rxe8+ {[%emt 0:00:01]} Rxe8 {[%emt 0:00:02]} 28. Qxe8+ {[%emt 0:00:02]} Kg7 {[%emt 0:00:01]} 29. d7 {[%emt 0:00:06]} 1-0

[Event "RUS-chT Women Rapid 2019"]
[Site "Sochi"]
[Date "2019.10.18"]
[Round "1.12"]
[White "Mikheeva, Galina"]
[Black "Illina, Natalia"]
[Result "0-1"]
[WhiteElo "1881"]
[BlackElo "2081"]
[Annotator "NA"]
[PlyCount "66"]
[EventDate "2019.10.18"]
[EventType "swiss"]
[EventCountry "RUS"]
[SourceTitle "playchess.com"]
[Source "ChessBase"]
[SourceQuality "1"]
[TimeControl "900+10"]

1. e4 {[%emt 0:00:00]} c5 {[%emt 0:00:00]} 2. Nc3 {[%emt 0:00:00]} e6 {[%emt 0:00:00]} 3. g3 {[%emt 0:00:00]} d5 {[%emt 0:00:00]} 4. exd5 {[%emt 0:00:00]} exd5 {[%emt 0:00:00]} 5. Bg2 {[%emt 0:00:01]} Nf6 {[%emt 0:00:05]} 6. d3 {[%emt 0:01:00]} Be7 {[%emt 0:00:29]} 7. Nf3 {[%emt 0:00:26]} d4 {[%emt 0:00:15]} 8. Ne2 {[%emt 0:00:08]} O-O {[%emt 0:00:05]} 9. O-O {[%emt 0:00:08]} Nc6 {[%emt 0:00:05]} 10. h3 {[%emt 0:00:56]} Re8 {[%emt 0:00:22]} 11. Bf4 {[%emt 0:01:17]} Nd5 {[%emt 0:00:43]} 12. Re1 {[%emt 0:02:07]} Be6 {[%emt 0:00:47]} 13. Qd2 {[%emt 0:02:37]} h6 {[%emt 0:00:21]} 14. g4 {[%emt 0:00:04]} Bd6 {[%emt 0:02:58]} 15. Bxd6 {[%emt 0:00:56]} Qxd6 {[%emt 0:00:02]} 16. c4 {[%emt 0:01:16]} dxc3 {[%emt 0:00:04]} 17. bxc3 {[%emt 0:00:01]} Rad8 {[%emt 0:00:13]} 18. Rad1 {[%emt 0:01:15]} Re7 {[%emt 0:01:58]} 19. d4 {[%emt 0:01:52]} Red7 {[%emt 0:04:44]} 20. Ng3 {[%emt 0:01:21]} cxd4 {[%emt 0:01:05]} 21. cxd4 {[%emt 0:00:40]} Qb4 {[%emt 0:00:59]} 22. Ne5 {[%emt 0:01:04]} Nxe5 {[%emt 0:00:51]} 23. dxe5 {[%emt 0:00:03]} Nc3 {[%emt 0:00:25]} 24. a3 {[%emt 0:01:30]} Rxd2 {[%emt 0:00:24]} 25. Rxd2 {[%emt 0:00:02]} Qa5 {[%emt 0:00:23]} 26. Rxd8+ {[%emt 0:00:02]} Qxd8 {[%emt 0:00:01]} 27. Bxb7 {[%emt 0:00:17]} Bd5 {[%emt 0:00:08]} 28. Bxd5 {[%emt 0:00:09]} Qxd5 {[%emt 0:00:02]} 29. Re3 {[%emt 0:00:06]} Qd1+ {[%emt 0:00:10]} 30. Kg2 {[%emt 0:00:11]} Nd5 {[%emt 0:00:03]} 31. Re4 {[%emt 0:00:22]} Qd2 {[%emt 0:00:34]} 32. a4 {[%emt 0:00:16]} Nf4+ {[%emt 0:00:22]} 33. Kf3 {[%emt 0:00:05]} Nxh3 {[%emt 0:00:02]} 0-1

[Event "RUS-chT Women Rapid 2019"]
[Site "Sochi"]
[Date "2019.10.18"]
[Round "2.1"]
[White "Bodnaruk, Anastasia"]
[Black "Pogonina, Natalija"]
[Result "0-1"]
[WhiteElo "2419"]
[BlackElo "2479"]
[Annotator "TA"]
[PlyCount "54"]
[EventDate "2019.10.18"]
[EventType "swiss"]
[EventCountry "RUS"]
[SourceTitle "playchess.com"]
[Source "ChessBase"]
[SourceQuality "1"]

{[%evp 21,152,17,29,17,17,23,37,-24,-34,-34,-20,-71,-39,-44,0,-140,-138,-155,-142,-292,-289,-496,-479,-486,-350,-362,-354,-333,-358,-354,-340,-351,-358,-330,-244,-247,-254,-434,-430,-789,-774,-701,-554,-571,-594,-536,-317,-439,-434,-423,-437,-410,-402,-414,-385,-393,-191,-443,-426,-579,-575,-524,-530,-598,-598,-589,-580,-1227,-1006,-29984,-489,-478,-455,-450,-431,-466,-252,-245,-234,-263,-177,-542,-476,-497,-497,-497,-497,-497,-290,-497,-320,-529,-114,-1414,-1002,-1291,-497,-497,-497,-512,-497,-497,0,-498,-497,-497,0,-497,-497,-497,-497,-497,-497,-482,-482,-482,-482,-401,0,-16,-8,-8,-8,-8,-8,-8,-8,-29984,-29985,-29984,-29985,-29985,-29986]} 1. e4 e5 2. Nf3 Nc6 3. Bb5 a6 4. Ba4 Nf6 5. O-O Be7 6. Re1 b5 7. Bb3 d6 8. c3 O-O 9. h3 Nb8 10. d4 Nbd7 11. Nbd2 c5 12. Nf1 {C95: Closed Ruy Lopez: Breyer Variation with 10 d4} Re8 13. Ng3 (13. d5 c4 14. Bc2 Qc7 15. Ng3 g6 16. Bh6 a5 17. Qd2 a4 18. Nf5 Bf8 19. Bxf8 Nxf8 {0-1 (86) Bodnaruk,A (2440)-Pogonina,N (2457) St Petersburg 2019}) 13... Bf8 14. Nf5 ({White should play} 14. Bg5 $14) 14... exd4 $11 15. cxd4 Bb7 16. e5 {[#]} (16. Ng3 $1 $11 {remains equal.}) 16... Bxf3 $146 ({Predecessor:} 16... dxe5 17. dxe5 Bxf3 18. Qxf3 Nxe5 19. Rxe5 Rxe5 {½-½ (37) Navara,D (2737)-Ponomariov,R (2709) Czech Republic 2017}) 17. Qxf3 dxe5 18. Bg5 (18. dxc5 $1 $11 Nxc5 19. Bg5) 18... exd4 $17 ({Of course not} 18... cxd4 $6 19. Rac1 $11) 19. Bd5 Rb8 20. Bf4 (20. Bc6 $17 Qa5 21. Kf1) 20... Rb6 $19 21. Nh6+ $2 (21. Bc6 g6 22. Rxe8 Qxe8 23. Nh6+ Kg7 24. Ng4) 21... gxh6 22. Qg3+ Kh8 23. Bxf7 Rxe1+ 24. Rxe1 Bg7 25. Bc7 Qf8 {And now ...Rc6 would win.} 26. Bxb6 Qxf7 (26... Nxb6 27. b3 $19) 27. Qc7 Bf8 {Played: Nf6-d5} 0-1

[Event "RUS-chT Women Rapid 2019"]
[Site "Sochi"]
[Date "2019.10.18"]
[Round "2.2"]
[White "Girya, Olga"]
[Black "Ovod, Evgenija"]
[Result "0-1"]
[WhiteElo "2476"]
[BlackElo "2347"]
[Annotator "ChessBase"]
[PlyCount "106"]
[EventDate "2019.10.18"]
[EventType "swiss"]
[EventCountry "RUS"]
[SourceTitle "playchess.com"]
[Source "ChessBase"]
[SourceQuality "1"]
[TimeControl "900+10"]

1. d4 {[%emt 0:00:00]} d5 {[%emt 0:00:00]} 2. c4 {[%emt 0:00:00]} e6 {[%emt 0:00:00]} 3. Nf3 {[%emt 0:00:00]} Nf6 {[%emt 0:00:00]} 4. Bg5 {[%emt 0:00:02]} Be7 {[%emt 0:00:02]} 5. e3 {[%emt 0:00:02]} O-O {[%emt 0:00:11]} 6. Nc3 {[%emt 0:00:05]} h6 {[%emt 0:00:10]} 7. Bxf6 {[%emt 0:00:08]} Bxf6 {[%emt 0:00:03]} 8. Rc1 {[%emt 0:00:02]} b6 {[%emt 0:00:17]} 9. cxd5 {[%emt 0:00:31]} exd5 {[%emt 0:00:02]} 10. Qb3 {[%emt 0:00:17]} Be6 {[%emt 0:00:15]} 11. Be2 {[%emt 0:00:13]} c5 {[%emt 0:01:39]} 12. O-O {[%emt 0:00:02]} Nc6 {[%emt 0:01:35]} 13. Qa4 {[%emt 0:00:25]} cxd4 {[%emt 0:03:31]} 14. exd4 {[%emt 0:00:01]} Ne7 {[%emt 0:00:13]} 15. Ne5 {[%emt 0:01:15]} Ng6 {[%emt 0:03:01]} 16. Nxg6 {[%emt 0:02:21]} fxg6 {[%emt 0:00:02]} 17. Qc6 {[%emt 0:02:22]} Bf7 {[%emt 0:01:14]} 18. Rcd1 {[%emt 0:00:01]} Rc8 {[%emt 0:01:00]} 19. Qb5 {[%emt 0:00:26]} Qd6 {[%emt 0:00:23]} 20. Bf3 {[%emt 0:00:28]} Rfd8 {[%emt 0:00:09]} 21. Rfe1 {[%emt 0:00:02]} Rc4 {[%emt 0:00:32]} 22. Nxd5 {[%emt 0:03:54]} Bxd5 {[%emt 0:00:31]} 23. Re8+ {[%emt 0:00:04]} Kh7 {[%emt 0:00:04]} 24. Rxd8 {[%emt 0:00:31]} Qxd8 {[%emt 0:00:03]} 25. Bxd5 {[%emt 0:02:45]} Rxd4 {[%emt 0:00:02]} 26. Rxd4 {[%emt 0:00:03]} Bxd4 {[%emt 0:00:01]} 27. b3 {[%emt 0:00:32]} Qg5 {[%emt 0:01:24]} 28. g3 {[%emt 0:02:44]} Qd2 {[%emt 0:00:28]} 29. Qf1 {[%emt 0:00:02]} Bxf2+ {[%emt 0:00:52]} 30. Qxf2 {[%emt 0:00:01]} Qxd5 {[%emt 0:00:01]} 31. Qe2 {[%emt 0:00:01]} a5 {[%emt 0:00:17]} 32. h4 {[%emt 0:00:23]} b5 {[%emt 0:00:10]} 33. Qc2 {[%emt 0:00:25]} Qf5 {[%emt 0:00:18]} 34. Qd1 {[%emt 0:00:06]} b4 {[%emt 0:00:25]} 35. Qe2 {[%emt 0:00:12]} g5 {[%emt 0:00:22]} 36. hxg5 {[%emt 0:00:19]} Qxg5 {[%emt 0:00:02]} 37. Kg2 {[%emt 0:00:02]} h5 {[%emt 0:00:11]} 38. Qd3+ {[%emt 0:00:08]} g6 {[%emt 0:00:37]} 39. Qd7+ {[%emt 0:00:09]} Kh6 {[%emt 0:00:04]} 40. Qd4 {[%emt 0:00:01]} Qe7 {[%emt 0:00:25]} 41. Qh8+ {[%emt 0:00:16]} Kg5 {[%emt 0:00:03]} 42. Qd4 {[%emt 0:00:18]} Qe2+ {[%emt 0:00:09]} 43. Kg1 {[%emt 0:00:02]} Qe1+ {[%emt 0:00:51]} 44. Kg2 {[%emt 0:00:04]} Qe2+ {[%emt 0:00:06]} 45. Kg1 {[%emt 0:00:01]} Kf5 {[%emt 0:00:19]} 46. Qd7+ {[%emt 0:00:38]} Ke4 {[%emt 0:00:18]} 47. Qe6+ {[%emt 0:00:03]} Kf3 {[%emt 0:00:03]} 48. Qf6+ {[%emt 0:00:17]} Kxg3 {[%emt 0:00:02]} 49. Qxg6+ {[%emt 0:00:06]} Kh3 {[%emt 0:00:10]} 50. Qf5+ {[%emt 0:00:18]} Qg4+ {[%emt 0:00:03]} 51. Qxg4+ {[%emt 0:00:04]} hxg4 {[%emt 0:00:04]} 52. Kh1 {[%emt 0:00:02]} g3 {[%emt 0:00:05]} 53. Kg1 {[%emt 0:00:01]} g2 {[%emt 0:00:01]} 0-1

[Event "RUS-chT Women Rapid 2019"]
[Site "Sochi"]
[Date "2019.10.18"]
[Round "2.3"]
[White "Belenkaya, Dina"]
[Black "Guseva, Marina"]
[Result "1/2-1/2"]
[WhiteElo "2300"]
[BlackElo "2366"]
[Annotator "TA"]
[PlyCount "126"]
[EventDate "2019.10.18"]
[EventType "swiss"]
[EventCountry "RUS"]
[SourceTitle "playchess.com"]
[Source "ChessBase"]
[SourceQuality "1"]

{[%evp 11,126,0,0,-6,-8,-12,-5,-14,0,-22,0,-10,22,0,26,19,29,24,41,35,20,11,48,39,45,25,70,0,0,0,0,0,20,0,26,-54,13,0,0,0,0,0,0,0,5,-58,-57,-52,0,-137,-132,-148,-137,-202,83,-18,0,-143,-64,-245,-93,-93,-94,-104,-90,-466,-450,-385,-404,-404,-362,-572,-541,-968,-199,-206,-12,-296,-130,-133,-130,-585,-8,-8,-8,-8,-8,-289,-284,-267,-253,-232,-227,-314,-284,-301,-283,-251,-234,-235,-222,-232,-220,-225,-33,-33,-8,-8,0,0,0,0,0,0,0,0,0]} 1. e4 c5 2. Nc3 d6 3. g3 Nc6 4. Bg2 g6 5. d3 Bg7 6. Nf3 e6 7. Bg5 {B25: Closed Sicilian: 3 g3, lines without early Be3} Nge7 8. Qd2 Nd4 9. O-O O-O 10. Ne1 b5 11. Nd1 b4 12. c3 bxc3 13. bxc3 Ndc6 14. Bh6 Rb8 15. Bxg7 Kxg7 16. f4 $146 ({Predecessor:} 16. Ne3 d5 17. exd5 exd5 18. d4 cxd4 19. cxd4 Ba6 {½-½ (55) Sepp,O (2420)-Sutovsky,E (2565) Yerevan 1996}) 16... e5 17. Ne3 f6 18. N1c2 Ba6 19. Rab1 (19. f5 $14) 19... Rxb1 $11 20. Rxb1 Qa5 21. a3 Qc7 22. Rf1 Qb8 23. fxe5 (23. f5 $11) 23... fxe5 (23... Nxe5 $15 24. c4 Qb6) 24. Ng4 Ng8 25. Nce3 Rxf1+ 26. Bxf1 Qb1 27. h4 Nce7 28. h5 (28. Qd1 $11 Qxd1 29. Nxd1) 28... gxh5 $15 29. Nf2 {next Nf5+ is good for White.} Nf6 {[#]} (29... h6 $1 $15) 30. Nf5+ (30. Nd5 $1 $11 {[%mdl 512]} Nexd5 31. Qg5+ Kf7 32. exd5) 30... Nxf5 $17 31. Qg5+ Kf7 32. exf5 (32. Qxf5 $17 Bb5 33. Qc8) 32... e4 $2 (32... Qe1 $19 {...Bb5 is the strong threat.} 33. Ne4 Nxe4 {[%mdl 64] Pin} 34. Qxh5+ Kf8 $1 {[%mdl 512]} 35. Qh6+ Ke8 $1 {[%mdl 512]} 36. Qh5+ Kf8 37. Qh6+ Ke8 $1 {[%mdl 512]} 38. Qh5+ Kd7 $1 {[%mdl 512]} 39. Qf7+ Kc8 $1 {[%mdl 512]} 40. Qe8+ Kc7 $1 {[%mdl 512]} 41. Qe7+ Kc6 $1 {[%mdl 512]} 42. Qe8+ Kc7 $1 {[%mdl 512]} 43. Qe7+ Kb6 $1 {[%mdl 512]} 44. Qd8+ Kb5 $1 {[%mdl 512]} 45. Qd7+ Ka5 $1 {[%mdl 512]} 46. Qc7+ Ka4 $1 {[%mdl 512]} 47. Qc6+ Kb3 $1 {[%mdl 512]} 48. Qxe4 Qxg3+ 49. Qg2 Qf4) 33. Qe3 ({Not} 33. Qf4 exd3 34. Qxd6 Qb6 $17) ({White should play} 33. Nxe4 $1 $16 Nxe4 34. Qxh5+ {[%mdl 64] Double Attack} Kf6 35. Qh6+ Kxf5 36. Qxh7+ (36. dxe4+ Ke5 $16) 36... Ke6 37. Qxe4+ Kd7 38. Qa4+ Qb5 39. Bh3+ Kc7 40. Qxb5 Bxb5 41. Bf5) 33... Bb7 34. dxe4 (34. Qf4 $1 $11 {keeps the balance.}) 34... Bxe4 (34... Nxe4 $17 35. c4 Qc2) 35. Nh3 $2 ({Only move:} 35. Qf4 $1 $15) 35... h6 $2 (35... Bxf5 $19 {has better winning chances.} 36. Ng5+ Kg6) 36. Qxh6 Bd3 $1 $40 {[%mdl 128] Black is out for blood.} 37. Ng5+ Ke8 38. Qg6+ $2 {[%mdl 8192] [#]} (38. Qxf6 $17 Qxf1+ 39. Kh2 Qf2+ 40. Kh1 Qe1+ 41. Kh2 Qd2+ 42. Kg1 Qd1+ 43. Kh2 Qc2+ 44. Kg1 Bxf5 45. Qf7+ Kd8 46. Ne6+ Bxe6 47. Qxe6) 38... Kd7 $1 $19 {[%mdl 512]} 39. Qxf6 Qxf1+ 40. Kh2 Qxf5 41. Qg7+ (41. Qxf5+ $142 Bxf5 42. Kg2) 41... Kc6 42. Nh3 Bf1 $2 (42... Qf3 {( -> ...Be4)} 43. Nf4 Qf2+ 44. Kh3 Bf5+ 45. Kh4 Qh2+ 46. Kg5 Qxg3+ 47. Kh6 Qxf4+ 48. Qg5 Qe5) 43. Nf4 {[#]} h4 $1 {[%mdl 512]} 44. Kg1 $2 {[%mdl 8192]} (44. Qxa7 $11 Qc2+ 45. Kg1 hxg3 46. Qa8+ Kb5 47. a4+ $1 {[%mdl 512]} Kc4 48. Qg8+ Kxc3 49. Qxg3+ Bd3 50. a5) (44. gxh4 Qxf4+) 44... Bc4 (44... Ba6 $19 {and Black stays clearly on top. Threatens to win with ...Qb1+.} 45. Qg8 hxg3 46. Qxg3 Kb5) 45. Qxa7 $17 {aiming for Qa4+.} Qb1+ $1 46. Kg2 $2 {[%mdl 8192]} (46. Kh2 $17 {was the crucial defense.}) 46... hxg3 $2 (46... Qf1+ $19 47. Kh2 Qf2+ {[%mdl 64] Double Attack} 48. Ng2 Qxg3+ 49. Kh1 h3 50. Qa8+ Kb6 51. Qb8+ {[#]} Ka5 $1 {[%mdl 512]} 52. Qa8+ Ba6 53. Qd8+ Kb5 $1 {[%mdl 512]} 54. Qe8+ Kc4 $1 {[%mdl 512]} 55. Qe4+ Kxc3) 47. Qa4+ $11 Qb5 48. Qa8+ Qb7 49. Qa4+ $2 {[%mdl 8192]} (49. Qxb7+ $11 {and White has nothing to worry.} Kxb7 50. Kxg3) 49... Kb6+ $19 50. Kxg3 Qg7+ 51. Kf2 Qxc3 {Strongly threatening ...Qd4+.} 52. Qa8 Qd2+ 53. Kf3 Qd1+ 54. Kf2 Qd4+ 55. Kf3 Ba6 {Hoping for ...Bb7+.} 56. Qd8+ Ka7 57. Qa5 c4 $2 (57... Qe5 $19 {And now ...Qe7 would win.} 58. a4 Qg5) 58. Ne2 $1 $15 {[%cal Re2d4]} Qd3+ 59. Kf2 {The position is equal.} c3 60. Nxc3 Qd4+ 61. Kg3 {White threatens Nb5+ and mate.} Qc5 62. Qxc5+ dxc5 63. Kf4 Kb6 {Accuracy: White = 35%, Black = 29%.} 1/2-1/2

[Event "RUS-chT Women Rapid 2019"]
[Site "Sochi"]
[Date "2019.10.18"]
[Round "2.4"]
[White "Kovanova, Baira"]
[Black "Styazhkina, Anna"]
[Result "0-1"]
[WhiteElo "2344"]
[BlackElo "2280"]
[Annotator "NA"]
[PlyCount "70"]
[EventDate "2019.10.18"]
[EventType "swiss"]
[EventCountry "RUS"]
[SourceTitle "playchess.com"]
[Source "ChessBase"]
[SourceQuality "1"]
[TimeControl "900+10"]

1. Nf3 {[%emt 0:00:00]} d5 {[%emt 0:00:00]} 2. g3 {[%emt 0:00:00]} c6 {[%emt 0:00:00]} 3. Bg2 {[%emt 0:00:00]} Bg4 {[%emt 0:00:03]} 4. O-O {[%emt 0:00:17]} Nd7 {[%emt 0:00:02]} 5. d3 {[%emt 0:00:02]} e6 {[%emt 0:00:08]} 6. Nbd2 {[%emt 0:00:03]} Bd6 {[%emt 0:00:03]} 7. e4 {[%emt 0:00:10]} Ne7 {[%emt 0:00:02]} 8. h3 {[%emt 0:00:07]} Bh5 {[%emt 0:00:33]} 9. b3 {[%emt 0:01:03]} O-O {[%emt 0:00:16]} 10. Bb2 {[%emt 0:00:02]} f5 {[%emt 0:00:34]} 11. Qe1 {[%emt 0:02:05]} Nc5 {[%emt 0:05:24]} 12. Nd4 {[%emt 0:04:10]} Qd7 {[%emt 0:00:58]} 13. e5 {[%emt 0:00:22]} Bc7 {[%emt 0:00:25]} 14. f4 {[%emt 0:00:02]} Na6 {[%emt 0:01:01]} 15. a4 {[%emt 0:01:14]} Nb4 {[%emt 0:00:24]} 16. Rc1 {[%emt 0:00:13]} a6 {[%emt 0:01:00]} 17. N4f3 {[%emt 0:02:02]} c5 {[%emt 0:00:36]} 18. d4 {[%emt 0:00:01]} Bb6 {[%emt 0:00:17]} 19. Qe3 {[%emt 0:00:46]} Rac8 {[%emt 0:00:44]} 20. c3 {[%emt 0:00:04]} cxd4 {[%emt 0:00:06]} 21. Nxd4 {[%emt 0:00:29]} Nbc6 {[%emt 0:00:42]} 22. N2f3 {[%emt 0:01:29]} Na5 {[%emt 0:00:26]} 23. Nd2 {[%emt 0:00:12]} Nec6 {[%emt 0:02:00]} 24. Kh2 {[%emt 0:00:05]} Nxd4 {[%emt 0:00:56]} 25. cxd4 {[%emt 0:00:02]} Qe7 {[%emt 0:01:30]} 26. Bc3 {[%emt 0:02:59]} Nc6 {[%emt 0:00:11]} 27. Rb1 {[%emt 0:01:01]} Nb4 {[%emt 0:00:19]} 28. Bb2 {[%emt 0:00:18]} Rc2 {[%emt 0:00:14]} 29. Ba3 {[%emt 0:00:14]} Rfc8 {[%emt 0:00:08]} 30. Rfc1 {[%emt 0:00:06]} a5 {[%emt 0:00:21]} 31. Rxc2 {[%emt 0:00:05]} Rxc2 {[%emt 0:00:04]} 32. Rc1 {[%emt 0:00:04]} Rxc1 {[%emt 0:00:11]} 33. Bxc1 {[%emt 0:00:02]} Qc7 {[%emt 0:00:02]} 34. Bb2 {[%emt 0:00:06]} Qc2 {[%emt 0:00:24]} 35. Bf1 {[%emt 0:00:09]} Qxb2 {[%emt 0:00:11]} 0-1